Normal view
MARC view
- Bipolar transistors
Entry Topical Term
001 - CONTROL NUMBER
- control field: 106300
003 - CONTROL NUMBER IDENTIFIER
- control field: NUST
005 - DATE AND TIME OF LATEST TRANSACTION
- control field: 20221229082420.0
008 - FIXED-LENGTH DATA ELEMENTS
- fixed length control field: 221229|| aca||aabn | a|a d
040 ## - CATALOGING SOURCE
- Original cataloging agency: NUST
- Transcribing agency: NUST
150 ## - HEADING--TOPICAL TERM
- Topical term or geographic name entry element: Bipolar transistors
670 ## - SOURCE DATA FOUND
- Source citation: Work cat.: (NUST)183877: Taur, Yuan, 106299, Fundamentals of modern VLSI devices /, 1998.
